000 00352nam a2200121 a 4500
008 981019s1998||||xx 0 und c
040 _aSNK
_bslo
_cSNK
_eAACR2
100 1 _aŠašinka, M.- Šagat, T. a spolupracovníci
245 1 0 _aPediatria 1.
_bUčebnice pro zdravotnické školy
260 _c1998
_bStatus
_aKošice
300 _a265s.
020 _cDar
999 _c19919
_d19919